<?xml version="1.0" encoding="UTF-8"?>
<collection xmlns="http://www.loc.gov/MARC21/slim">
    <record>
        <controlfield tag="001">58551</controlfield>
        <controlfield tag="005">20180315112559.0</controlfield>
        <datafield tag="024" ind1="8" ind2=" ">
            <subfield code="2">sideral</subfield>
            <subfield code="a">76546</subfield>
        </datafield>
        <datafield tag="037" ind1=" " ind2=" ">
            <subfield code="a">ART-2012-76546</subfield>
        </datafield>
        <datafield tag="041" ind1=" " ind2=" ">
            <subfield code="a">eng</subfield>
        </datafield>
        <datafield tag="100" ind1=" " ind2=" ">
            <subfield code="a">Gi, E.</subfield>
        </datafield>
        <datafield tag="245" ind1=" " ind2=" ">
            <subfield code="a">A preliminary demonstration of transformation of functions through hierarchical relations</subfield>
        </datafield>
        <datafield tag="260" ind1=" " ind2=" ">
            <subfield code="c">2012</subfield>
        </datafield>
        <datafield tag="506" ind1="0" ind2=" ">
            <subfield code="a">Access copy available to the general public</subfield>
            <subfield code="f">Unrestricted</subfield>
        </datafield>
        <datafield tag="520" ind1="3" ind2=" ">
            <subfield code="a">The current study focuses on the experimental analysis of hierarchical responding, and aims at analyzing some of the transformation of functions that take place at different levels of hierarchical categories. Ten university students participated. During Phase 1, four arbitrary stimuli were established as INCLUDES, BELONGS TO, SAME, and DIFFERENT relational cues, respectively. During Phase 2, three four-member equivalence classes were trained and tested (A1-B1-C1-D1; A2-B2-C2-D2; A3-B3-C3-D3). These equivalence classes constituted the bottom level of two hierarchical categories. The middle and top levels of the hierarchical categories were formed during Phase 3. The middle level was established by training hierarchical relations (INCLUDES and BELONGS TO) between novel stimuli X.1 and A1/B1; X. 2 and A2/B2; and Y and A3/B3. The top level was established by training hierarchical relations between X and X.1/X.2, and between Y and Y.1. During Phase 4, X.1 was established as always cold, D2 as always heavy and C3 as always sweet. During Phase 5 (Critical Test), six stimuli from both hierarchical categories (Y, X, C1, X.2, D3, C2) and a non-related stimulus (M) were tested for the transformation of functions. Nine of the ten participants responded correctly to the test. The implications and limitations of these findings, as well as lines for future research, are discussed.</subfield>
        </datafield>
        <datafield tag="536" ind1=" " ind2=" ">
            <subfield code="9">info:eu-repo/grantAgreement/ES/MEC/SEJ05845</subfield>
        </datafield>
        <datafield tag="540" ind1=" " ind2=" ">
            <subfield code="9">info:eu-repo/semantics/openAccess</subfield>
            <subfield code="a">All rights reserved</subfield>
            <subfield code="u">http://www.europeana.eu/rights/rr-f/</subfield>
        </datafield>
        <datafield tag="655" ind1=" " ind2="4">
            <subfield code="a">info:eu-repo/semantics/article</subfield>
            <subfield code="v">info:eu-repo/semantics/publishedVersion</subfield>
        </datafield>
        <datafield tag="700" ind1=" " ind2=" ">
            <subfield code="a">Luciano, C.</subfield>
        </datafield>
        <datafield tag="700" ind1=" " ind2=" ">
            <subfield code="a">Ruiz, F.J.</subfield>
        </datafield>
        <datafield tag="700" ind1=" " ind2=" ">
            <subfield code="0">(orcid)0000-0002-0242-5972</subfield>
            <subfield code="a">Valdivia-Salas, S.</subfield>
            <subfield code="u">Universidad de Zaragoza</subfield>
        </datafield>
        <datafield tag="710" ind1="2" ind2=" ">
            <subfield code="1">4009</subfield>
            <subfield code="2">680</subfield>
            <subfield code="a">Universidad de Zaragoza</subfield>
            <subfield code="b">Departamento de Psicología y Sociología</subfield>
            <subfield code="c">Personalidad,Evaluación y Tratamiento Psicológicos</subfield>
        </datafield>
        <datafield tag="773" ind1=" " ind2=" ">
            <subfield code="g">12, 1 (2012), 1-19</subfield>
            <subfield code="p">Rev. int. psicol. ter. psicol.</subfield>
            <subfield code="t">Revista internacional de psicología y terapia psicológica = International journal of psychology and psychological therapy</subfield>
            <subfield code="x">1577-7057</subfield>
        </datafield>
        <datafield tag="856" ind1="4" ind2=" ">
            <subfield code="s">1601010</subfield>
            <subfield code="u">http://zaguan.unizar.es/record/58551/files/texto_completo.pdf</subfield>
            <subfield code="y">Versión publicada</subfield>
        </datafield>
        <datafield tag="856" ind1="4" ind2=" ">
            <subfield code="s">58541</subfield>
            <subfield code="u">http://zaguan.unizar.es/record/58551/files/texto_completo.jpg?subformat=icon</subfield>
            <subfield code="x">icon</subfield>
            <subfield code="y">VersiÃ³n publicada</subfield>
        </datafield>
        <datafield tag="909" ind1="C" ind2="O">
            <subfield code="o">oai:zaguan.unizar.es:58551</subfield>
            <subfield code="p">articulos</subfield>
            <subfield code="p">driver</subfield>
        </datafield>
        <datafield tag="951" ind1=" " ind2=" ">
            <subfield code="a">2018-03-15-11:25:34</subfield>
        </datafield>
        <datafield tag="980" ind1=" " ind2=" ">
            <subfield code="a">ARTICLE</subfield>
        </datafield>
    </record>

    
</collection>